00671nam a22001217a 4500003000500000008004100005020001800046082001400064100001700078245006500095250001600160505037300176NUST221107b ||||| |||| 00| 0 eng d a9788120326415 a519.5,KAS aKasana, H.S. aComplex variables :btheory and application /cH.S.Kasana,  a2nd Edition aAlgebra of complex numbers (Page1), Analytic functions (Page-39), Elementary functions (Page-79), complex integration (Page-98), Sequence, series and products (Page-153), Series expansions (Page-188), Singularities and residues (Page-241), Sums and definite integrals (Page-295), Conformal mappings (Page-335), Laplace Trancform (Page+376), Special topics (Page-406),